00205nam a2200073Ia 4500008004100000082000800041100001300049245006900062240331s9999 xx 000 0 und d bMIT aMitra, A 0aTelevision and popular culture in India :ba study of Mahabharat